Statistics for Not the Unknown Country

Click here to take the quiz!

General Stats

  • This quiz has been taken 95 times
    (76 since last reset)
  • The average score is 14 of 31

Answer Stats

COUNTRY% Correct
Madagascar
66%
Mauritania
66%
Macedonia
65%
Mali
65%
Mauritius
65%
Canada
61%
Austria
60%
Austria
60%
Indonesia
58%
Japan
58%
Malawi
58%
Poland
55%
Malaysia
53%
Maldives
53%
Monaco
50%
Turkey
50%
Switzerland
45%
Denmark
42%
MALTA
40%
Laos
39%
Vatican City
39%
Liechtenstein
37%
Lithuania
35%
Marshall Islands
35%
Tunisia
34%
Singapore
31%
Bahrain
27%
Georgia
26%
Iceland
26%
Tonga
24%
Seychelles
21%

Score Distribution

Percentile by Number Answered

Percent of People with Each Score

Your Score History

You have not taken this quiz since the last reset